| 000 | 00483nam a22001577a 4500 | ||
|---|---|---|---|
| 003 | OSt | ||
| 005 | 20221031154105.0 | ||
| 008 | 221031b |||||||| |||| 00| 0 eng d | ||
| 040 | _cBiblioteca Lado V | ||
| 082 |
_2708 _aM985p |
||
| 100 |
_aMussa, Yasser _ecompiladora _9258 |
||
| 245 |
_aPoustinia/ _bLand Art Park Benque Viejo del Carmen, Cayo, Belize/ |
||
| 260 |
_aGuatemala _bFactory Books _c2003 |
||
| 300 |
_a25p. _c21x25cm |
||
| 942 |
_2ddc _c1 _h708 _iM985p _n0 |
||
| 999 |
_c2429 _d2429 |
||